| 000 | 01202nam a2200361 c 4500 | ||
|---|---|---|---|
| 001 | 11701 | ||
| 003 | ES-MaCES | ||
| 005 | 20150925135748.0 | ||
| 008 | 010221s2000 sp t 000 | spa d | ||
| 017 |
_aM 42503-2000 _bDL |
||
| 020 | _a8476958927 | ||
| 035 | _aCES20010001742m | ||
| 040 |
_aES-MaCES _bspa _cES-MaCES |
||
| 100 | 1 |
_aPuebla Pinilla, Ana de la _921456 |
|
| 245 | 1 | 3 |
_aLa responsabilidad civil del sindicato _b: (un estudio sobre la responsabilidad derivada de la actividad sindical) _cAna de la Puebla Pinilla |
| 250 | _a1ª ed | ||
| 260 |
_aMadrid _bLa Ley _bUAM ediciones _c2000 |
||
| 300 |
_aXXVII, 623 p. _c25 cm |
||
| 490 | 1 | _aColección Relaciones laborales | |
| 504 | _aBibliografía: p. 569-623 | ||
| 541 | _cCompra | ||
| 650 | 4 |
_apapel del sindicato _930660 |
|
| 650 | 4 |
_apatrimonio sindical _929840 |
|
| 650 | 4 |
_aresponsabilidad civil _929046 |
|
| 650 | 4 |
_aderecho de responsabilidad civil _929891 |
|
| 650 | 4 |
_aEspaña _926964 |
|
| 653 | 1 | 0 | _aRelaciones laborales-Empleo |
| 650 | 4 |
_928377 _asindicato |
|
| 830 | 0 |
_aColección Relaciones laborales _933132 |
|
| 902 | _aLIB Libro | ||
| 942 |
_2CES _cBK _h2.0. |
||
| 999 |
_c11701 _d11701 |
||